[Event "IFPX Categoria A"]
[Site "Sao Paulo BRA"]
[Date "2010.02.27"]
[Round "6"]
[White "De Nucci,G"]
[Black "Sega,C"]
[Result "0-1"]
[WhiteElo "2073"]
[BlackElo "2253"]

1.d4 Nf6 2.c4 e6 3.Nf3 Bb4+ 4.Bd2 Qe7 5.a3 Bxd2+ 6.Qxd2 a5 7.Nc3 O-O 8.e3 d6
9.Be2 b6 10.O-O Bb7 11.Qc2 Nbd7 12.b4 e5 13.d5 Ne8 14.Rfd1 f5 15.Rab1 g5
16.Na4 axb4 17.axb4 f4 18.c5 Ba6 19.b5 Bc8 20.cxb6 cxb6 21.Rb4 Bb7 22.exf4 gxf4
23.Nc3 Rc8 24.Rc4 Nef6 25.h3 Kh8 26.Bd3 Rxc4 27.Bxc4 Rc8 28.Qe2 e4 29.Ng5 Ne5
30.Rd4 f3 31.Qa2 Qg7 32.h4 h6 33.Ncxe4 Nxe4 34.Rxe4 hxg5  0-1

[Event "48th XtraCon TCh-DEN 2009-10"]
[Site "Denmark DEN"]
[Date "2010.03.01"]
[Round "5"]
[White "Nielsen,JorgenG"]
[Black "Ahlander,B"]
[Result "0-1"]
[WhiteElo "2171"]
[BlackElo "2419"]

1.d4 Nf6 2.c4 e6 3.Nf3 Bb4+ 4.Bd2 Qe7 5.a3 Bxd2+ 6.Nbxd2 d6 7.e4 e5 8.Bd3 Bg4
9.d5 Nh5 10.g3 O-O 11.h3 Bc8 12.Nh4 g6 13.Nf5 Qf6 14.Ne3 a5 15.Be2 Ng7 16.Bg4 Nd7
17.O-O a4 18.h4 Nc5 19.Bxc8 Raxc8 20.Rb1 Qe7 21.Qc2 f5 22.exf5 gxf5 23.Ng2 f4
24.Ne4 Nb3 25.g4 Ne8 26.f3 Nf6 27.Rbe1 Nxe4 28.Rxe4 c6 29.Qd1 Qf7 30.dxc6 Rxc6
31.Rf2 Rfc8 32.Ne1 Nd4 33.Qxa4 Rxc4 34.Qa5 R4c5 35.Qd2 Qb3 36.Rxd4 exd4 37.Qxd4 Rc1
38.Kf1 Rxe1+ 39.Kxe1 Rc1+ 40.Ke2 Qc2+ 41.Qd2 Qc4+  0-1

[Event "48th XtraCon TCh-DEN 2009-10"]
[Site "Denmark DEN"]
[Date "2010.03.01"]
[Round "6"]
[White "Nielsen,JorgenG"]
[Black "Pedersen,Christi"]
[Result "0-1"]
[WhiteElo "2171"]
[BlackElo "2452"]

1.d4 Nf6 2.c4 e6 3.Nf3 Bb4+ 4.Bd2 Qe7 5.Nc3 O-O 6.Qc2 Nc6 7.a3 Bxc3 8.Bxc3 d5
9.e3 Ne4 10.Bd3 Nxc3 11.Qxc3 a5 12.O-O Bd7 13.b3 a4 14.b4 dxc4 15.Bxc4 Na7
16.Rfe1 Bb5 17.Ba2 Rfc8 18.Bb1 Bc6 19.Ne5 Bd5 20.Bc2 f6 21.Nd3 Nb5 22.Qb2 Nd6
23.Nf4 Bc6 24.Bd3 e5 25.dxe5 fxe5 26.Qa2+ Kh8 27.Nd5 Qf7 28.Nc3 Qd7 29.Qe2 Qf7
30.b5 Bd5 31.Qc2 Bb3 32.Qb1 Rf8 33.Rf1 Nc4 34.Ne4 h6 35.Qc1 Qd5 36.Bc2 Qxb5
37.Rb1 Qc6 38.Ng3 Nxa3 39.Qxa3 Bxc2 40.Rbc1 Qg6 41.Qb2 Bd3 42.Rfd1 a3 43.Qxb7 a2
44.Ra1 Rfb8 45.Qd5 c6 46.Qxe5 Rb1  0-1

[Event "Reykjavik Open"]
[Site "Reykjavik ISL"]
[Date "2010.03.01"]
[Round "7"]
[White "Cori T.,D"]
[Black "Kveinys,A"]
[Result "0-1"]
[WhiteElo "2412"]
[BlackElo "2536"]

1.d4 Nf6 2.c4 e6 3.Nf3 Bb4+ 4.Bd2 a5 5.g3 d6 6.Bg2 Nbd7 7.O-O e5 8.dxe5 dxe5
9.Nc3 c6 10.a3 Be7 11.Rb1 Qc7 12.Na4 Ne4 13.b4 O-O 14.c5 axb4 15.axb4 Ndf6
16.Nb6 Ra2 17.Ra1 Rxa1 18.Qxa1 Nxd2 19.Nxd2 Bg4 20.h3 Bxe2 21.Re1 Ba6 22.Rxe5 Bd8
23.Qe1 Nd7 24.Nxd7 Qxd7 25.Re3 Bg5 26.f4 Bf6 27.Kh2 Bd4 28.Re7 Qd8 29.b5 Bxb5
30.Nb3 Bf2 31.Qe4 Qd1  0-1

[Event "Reykjavik Open"]
[Site "Reykjavik ISL"]
[Date "2010.03.03"]
[Round "9"]
[White "Gretarsson,Hj"]
[Black "Galego,L"]
[Result "0-1"]
[WhiteElo "2358"]
[BlackElo "2487"]

1.d4 Nf6 2.c4 e6 3.Nf3 Bb4+ 4.Bd2 c5 5.Bxb4 cxb4 6.g3 O-O 7.Bg2 d6 8.Nbd2 a5
9.O-O Qe7 10.a3 Na6 11.e4 Rd8 12.Qe2 e5 13.h3 b6 14.d5 bxa3 15.bxa3 Nc5 16.Qe3 Rb8
17.Rab1 Bd7 18.Rb2 Rb7 19.Rfb1 Rdb8 20.Bf1 Qd8 21.Nh4 h6 22.f3 Na4 23.Rc2 Rc8
24.Rbc1 Rbc7 25.Nb3 g5 26.Nf5 Bxf5 27.exf5 Nxd5 28.Qd3 Nf6 29.Rd2 d5 30.Rcd1 Qd6
31.h4 Nc5 32.Nxc5 Qxc5+ 33.Kh2 dxc4 34.Qc3 gxh4 35.gxh4 Kh7 36.Rg2 Rg8 37.Rdd2 Rxg2+
38.Bxg2 Rd7 39.Rxd7 Nxd7  0-1

[Event "TCh-ISL 2009-10"]
[Site "Rekjavik ISL"]
[Date "2010.03.06"]
[Round "7"]
[White "Kristinsson,Ba"]
[Black "Kuzubov,Y"]
[Result "0-1"]
[WhiteElo "2166"]
[BlackElo "2636"]

1.d4 Nf6 2.c4 e6 3.Nf3 Bb4+ 4.Bd2 c5 5.Bxb4 cxb4 6.e3 O-O 7.Bd3 d6 8.O-O Re8
9.Qc2 Qe7 10.Nbd2 Nbd7 11.a3 bxa3 12.Rxa3 e5 13.Ng5 g6 14.Nge4 exd4 15.exd4 d5
16.Nxf6+ Qxf6 17.cxd5 Nb6 18.Ne4 Qxd4 19.Nd6 Rd8 20.Nb5 Qe5 21.Nc7 Rb8 22.Rxa7 Bd7
23.Qc5 Na4 24.Qa5 Nxb2 25.Re1 Qd4 26.Qa1 Rdc8 27.d6 Qxd3 28.Qxb2 Qxd6  0-1

[Event "42nd WGM"]
[Site "Belgrade SRB"]
[Date "2010.03.08"]
[Round "6"]
[White "Maksimovic,S"]
[Black "Miladinovic,L"]
[Result "0-1"]
[WhiteElo "2272"]
[BlackElo "2038"]

1.d4 Nf6 2.c4 e6 3.Nf3 Bb4+ 4.Bd2 Qe7 5.g3 Nc6 6.Nc3 Bxc3 7.Bxc3 Ne4 8.Rc1 d6
9.d5 Nxc3 10.Rxc3 Nb8 11.dxe6 fxe6 12.Nd4 e5 13.Nc2 O-O 14.Bg2 c6 15.O-O Be6
16.Ne3 Na6 17.Qa4 Nc5 18.Qa5 Nd7 19.b4 a6 20.Rd3 Nf6 21.Rfd1 Rad8 22.Qb6 Ng4
23.Nxg4 Bxg4 24.Qe3 Rf6 25.a4 Qf7 26.b5 axb5 27.axb5 Qxc4 28.bxc6 bxc6 29.Rc1 Qb4
30.Bxc6 Qb2 31.Bd5+ Kh8 32.f3 Be6 33.Rc7 Qb1+ 34.Rc1 Qb2 35.Bxe6 Rxe6 36.Rc7 Rde8
37.Qg5 Qb6+  0-1

[Event "FSGM March"]
[Site "Budapest HUN"]
[Date "2010.03.12"]
[Round "7"]
[White "Kislik,E"]
[Black "Gonda,L"]
[Result "0-1"]
[WhiteElo "2370"]
[BlackElo "2482"]

1.d4 Nf6 2.c4 e6 3.Nf3 Bb4+ 4.Bd2 c5 5.g3 Nc6 6.Bxb4 cxb4 7.Bg2 O-O 8.O-O d6
9.Qd3 e5 10.Nbd2 Re8 11.e4 a5 12.Rac1 b6 13.h3 Nd7 14.Rfe1 Qf6 15.d5 Ncb8
16.Qe3 Nc5 17.Re2 Ba6 18.Nb1 Nbd7 19.Rec2 Bc8 20.Kh2 Na6 21.Ne1 Ndc5 22.Nd2 Ra7
23.Nd3 Nxd3 24.Qxd3 Qxf2 25.c5 Nxc5 26.Qb5 Bd7 27.Qxb6 Nxe4 28.Qxf2 Nxf2
29.Nc4 Nd3 30.Rd1 b3 31.Rc3 Nb4 32.axb3 Ra6 33.Bf1 Kf8 34.g4 f6 35.Ra1 Rea8
36.Nxe5 fxe5 37.Bxa6 Rxa6 38.Rc7 Ke7 39.Rb7 Nxd5 40.b4 a4 41.Rd1 Rb6  0-1

[Event "81st ch-GER"]
[Site "Bad Liebenzell GER"]
[Date "2010.03.13"]
[Round "9"]
[White "Raykhman,A"]
[Black "Hirneise,J"]
[Result "1/2-1/2"]
[WhiteElo "2352"]
[BlackElo "2294"]

1.d4 Nf6 2.c4 e6 3.Nf3 Bb4+ 4.Bd2 c5 5.Bxb4 cxb4 6.g3 b6 7.Bg2 Bb7 8.O-O a5
9.a3 Na6 10.axb4 Nxb4 11.Nc3 O-O 12.Qb1 d6 13.e4 Nd7 14.b3 Qe7 15.Qb2 Rad8
16.Rad1 e5 17.Rfe1 Rfe8 18.Qb1 Qf6 19.h3 Nf8 20.Na4 Nd7 21.Nc3 Nf8 22.Nb5 Qe7
23.Nh4 g6 24.Nf3 Bc6 25.Nc3 Bb7 26.Kh2 f6 27.Re2 Ne6 28.Red2 Rf8 29.Nb5 Bc6
30.Nc3 Bb7 31.Re2 Qg7 32.Qc1 Rfe8 33.h4 f5 34.dxe5 dxe5 35.Rxd8 Rxd8 36.Nd5  1/2-1/2

[Event "26th ChessOrg Schachfestival"]
[Site "Bad Woerishofen GER"]
[Date "2010.03.13"]
[Round "8"]
[White "Burmakin,V"]
[Black "Romanishin,O"]
[Result "1/2-1/2"]
[WhiteElo "2604"]
[BlackElo "2513"]

1.d4 Nf6 2.c4 e6 3.Nf3 Bb4+ 4.Bd2 c5 5.Bxb4 cxb4 6.e3 b6 7.Bd3 Bb7 8.O-O O-O
9.Nbd2 d6 10.Rc1 h6 11.Bb1 Re8 12.Ne1 Nbd7 13.Nd3 a5 14.f4 Ne4 15.Nf2 Nxd2
16.Qxd2 Nf6 17.e4 e5 18.fxe5 dxe5 19.d5 Qd6 20.Nd1 Bc8 21.Ne3 Ng4 22.Nxg4 Bxg4
23.Qf2 Qc5 24.Qxc5 bxc5 25.Bc2 Bd7 26.Rf2 Ra6 27.Rcf1 f6 28.Bd1 Kf7 29.h3 a4
30.Kh2 g6 31.Be2 Kg7 32.Kg3 a3 33.b3 h5 34.h4 Rd6 35.Kf3 Rh8  1/2-1/2

[Event "ch-VIE"]
[Site "Ho Chi Minh City VIE"]
[Date "2010.03.26"]
[Round "2"]
[White "Vo Dai Hoai Duc"]
[Black "Nguyen Van Huy"]
[Result "0-1"]
[WhiteElo "2180"]
[BlackElo "2419"]

1.d4 Nf6 2.c4 e6 3.Nf3 Bb4+ 4.Bd2 Qe7 5.g3 Nc6 6.Bg2 Bxd2+ 7.Nbxd2 d6 8.O-O a5
9.e4 e5 10.d5 Nb8 11.Ne1 O-O 12.Nd3 Na6 13.h3 Bd7 14.Re1 c6 15.f4 cxd5 16.exd5 Bf5
17.Nf2 Qc7 18.g4 Bc8 19.fxe5 dxe5 20.Rc1 Re8 21.g5 Nd7 22.Nde4 Nac5 23.Kh1 Qb6
24.Qc2 Qg6 25.Rg1 b6 26.Qe2 Nxe4 27.Bxe4 Qd6 28.Ng4 Nf8 29.c5 Bxg4 30.Rxg4 bxc5
31.Rh4 Rab8 32.Qc2 g6 33.Qxc5 Qd8 34.Rg4 Rxb2 35.Qa3 Qb6 36.Rf1 Rb4 37.Qf3 Re7
38.h4 Nd7 39.h5 Nc5 40.d6 Qxd6 41.Bd5 Rf4 42.Rxf4 exf4 43.hxg6 hxg6 44.Rd1 Qe5
45.Qg4 Ne4  0-1

[Event "TCh-AUT 2009-10"]
[Site "Baden AUT"]
[Date "2010.03.27"]
[Round "8"]
[White "Baumegger,S"]
[Black "Lehner,O"]
[Result "1-0"]
[WhiteElo "2456"]
[BlackElo "2407"]

1.d4 Nf6 2.c4 e6 3.Nf3 Bb4+ 4.Bd2 Qe7 5.g3 Nc6 6.Nc3 O-O 7.Bg2 d5 8.cxd5 exd5
9.O-O Bg4 10.Bg5 Rad8 11.Rc1 h6 12.Bxf6 Qxf6 13.Qb3 Bxc3 14.bxc3 b6 15.Rfe1 Rfe8
16.Qb5 Re6 17.Nd2 Na5 18.e3 c6 19.Qb4 Rde8 20.c4 dxc4 21.Nxc4 Nxc4 22.Rxc4 Bf3
23.Rec1 Rd8 24.Qc3 Rdd6 25.Qa3 a5 26.Qb3 Bxg2 27.Kxg2 c5 28.dxc5 bxc5 29.Qc2 Re5
30.Qc3 Qf5 31.Qxa5 g5 32.Qa8+ Kg7 33.Qf3 Rd2 34.e4 Qxf3+ 35.Kxf3 Rxa2 36.Rxc5 Ra3+
37.R5c3 Rxc3+ 38.Rxc3 f5 39.Rc7+ Kg6 40.Rc6+ Kg7 41.Rc4 fxe4+ 42.Rxe4 Rf5+
43.Ke3 Ra5 44.Rd4 Re5+ 45.Re4 Ra5 46.h3 Ra3+ 47.Ke2 Ra2+ 48.Kf3 Kf6 49.h4 gxh4
50.Rxh4 Kg5 51.Rb4 Ra3+ 52.Kg2 Ra2 53.Rf4 Ra1 54.Rf8 Kg6 55.Kh3 Ra4 56.Rg8+ Kf7
57.Rg4 Ra2 58.Rf4+ Kg6 59.Kh4 Ra5 60.Rg4+ Kf6 61.Rb4 Ra2 62.f3 Ra3 63.Kg4 h5+
64.Kf4 Ra6 65.Rd4 Rb6 66.Ra4 Rc6 67.Ra5 Rc4+ 68.Ke3 Kg6 69.Ra6+ Kf5 70.Ra5+ Kg6
71.Rd5 Rc6 72.Ke4 Re6+ 73.Kd4 Re1 74.Rd6+ Kf5 75.Rh6 Kg5 76.Rh8 Ra1 77.f4+ Kg6
78.Rg8+ Kf6 79.Ke3 Ra3+ 80.Kf2 Ra2+ 81.Kf3 Rh2 82.Rh8 Kg7 83.Re8 Kf6 84.Re5 Kg6
85.Re6+ Kf7 86.Re2 Rh1 87.Kg2 Ra1 88.Kh3 Rh1+ 89.Kg2 Ra1 90.Re5 Kg6 91.Rg5+ Kh6
92.Rb5 Kg6 93.Rb6+ Kg7 94.Re6 Rb1 95.Kf2 Ra1 96.Rd6 Rb1 97.Ke3 Rb3+ 98.Rd3 Rb1
99.Rd5 Kg6 100.Rg5+ Kh6 101.Re5 Rb3+ 102.Kf2 Kg6 103.Re6+ Kf5 104.Rh6 Ke4
105.Kg2 Rb2+ 106.Kh3 Kf3 107.Rxh5 Rg2 108.Rg5 Rg1 109.Kh2 Rg2+ 110.Kh1 Rf2
111.Rg6 Ra2 112.f5 Ra5 113.f6 Rf5 114.Kg1 Ke4 115.g4 Rf4 116.Kg2 Ke5 117.g5 Kf5
118.Rg7 Ke6 119.Kg3 Rf1 120.Kg4  1-0

[Event "II Genset Cup"]
[Site "Szombathely HUN"]
[Date "2010.03.29"]
[Round "4"]
[White "Farkas,Ga1"]
[Black "Rudolf,An"]
[Result "1/2-1/2"]
[WhiteElo "2245"]
[BlackElo "2293"]

1.d4 e6 2.c4 Nf6 3.Nf3 Bb4+ 4.Bd2 c5 5.Bxb4 cxb4 6.Nbd2 O-O 7.g3 d6 8.Bg2 Nc6
9.Nf1 e5 10.d5 Ne7 11.Ne3 Nd7 12.O-O Nc5 13.Ne1 b6 14.Nd3 Nxd3 15.exd3 Nf5
16.Nxf5 Bxf5 17.f4 exf4 18.Rxf4 Bg6 19.h4 h5 20.Be4 Qc7 21.Qf3 Rae8 22.Rf1 Bxe4
23.Rxe4 Re7 24.Rf4 Qc5+ 25.Kg2 Qe3 26.Qxh5 Qxd3 27.R1f2 g6 28.Qg4 Re1 29.h5 Qb1
30.hxg6 Rg1+ 31.Kh3 Rh1+ 32.Rh2 Rxh2+ 33.Kxh2 Qxg6 34.Qd7 f5 35.Rh4 Re8 36.Kg2 Re3
37.g4 f4 38.Qf5 Qxf5 39.gxf5 Re2+ 40.Kf3 Rxb2 41.Kxf4 Kg7 42.f6+ Kxf6 43.Rh6+ Kg7
44.Rxd6 Rxa2 45.Ke3 Kf7 46.Kd3 Ke7 47.Rh6 Ra3+ 48.Kd4 Ra1 49.c5 Rd1+ 50.Kc4 bxc5
51.Kxc5 b3 52.Rh7+ Kf6 53.Rb7 Rc1+ 54.Kd4 Rb1  1/2-1/2

[Event "21st Pobeskydi Arcelor Mittal Cup"]
[Site "Frydek-Mistek CZE"]
[Date "2010.04.01"]
[Round "2"]
[White "Ruzicka,V2"]
[Black "Cajka,T"]
[Result "1/2-1/2"]
[WhiteElo "2119"]
[BlackElo "1950"]

1.d4 Nf6 2.c4 e6 3.Nf3 Bb4+ 4.Bd2 Qe7 5.Qc2 O-O 6.a3 Bxd2+ 7.Nbxd2 c5 8.e3 b6
9.Bd3 d6 10.O-O Nbd7 11.e4 e5 12.d5 Nh5 13.g3 Ndf6 14.Kg2 Ne8 15.Ng1 Qg5
16.Ndf3 Qg4 17.Kh1 g6 18.Rae1 a5 19.Qd2 Ra7 20.Nh4 Neg7 21.Ng2 Re7 22.h3 Qd7
23.g4 Nf6 24.f4 exf4 25.Qxf4 Nfe8 26.e5 dxe5 27.Rxe5 Rxe5 28.Qxe5 Nd6 29.Rf6 Nge8
30.Rf3 Ng7 31.Re3 Re8 32.Qf6 Rxe3 33.Nxe3 Kf8 34.Nf3 Qe7 35.Qxe7+ Kxe7 36.Kg2 f6
37.Kg3 Bd7 38.h4 b5 39.b3 a4 40.bxa4 bxc4 41.Nxc4 Nxc4 42.Bxc4 Bxa4  1/2-1/2

[Event "21st Pobeskydi Chance Cup"]
[Site "Frydek-Mistek CZE"]
[Date "2010.04.02"]
[Round "4"]
[White "Stachowiak,K"]
[Black "Bombek,P"]
[Result "1-0"]
[WhiteElo "2401"]
[BlackElo "2213"]

1.d4 Nf6 2.Nf3 e6 3.c4 Bb4+ 4.Bd2 Qe7 5.Qc2 O-O 6.g3 Nc6 7.Bg2 Bxd2+ 8.Nbxd2 d6
9.O-O e5 10.d5 Nb8 11.e4 a5 12.b3 Bg4 13.a3 c5 14.Nh4 Qd7 15.f4 exf4 16.Rxf4 Nh5
17.Rf2 g6 18.e5 dxe5 19.Ne4 Na6 20.Raf1 f6 21.Nxf6+ Rxf6 22.Rxf6 Nxf6 23.Rxf6 Rf8
24.Rxf8+ Kxf8 25.Qe4 g5 26.Nf3 Bxf3 27.Bxf3 Qe7 28.Qf5+ Qf7 29.Qc8+ Kg7 30.Be4 Nc7
31.d6 Ne6 32.Bd5 Qh5 33.Qd7+ Kh8 34.Qxe6 Qd1+ 35.Kf2 Qd4+ 36.Kg2 Qd2+ 37.Kh3  1-0

[Event "22nd Kreuz-Open"]
[Site "Lenk SUI"]
[Date "2010.04.03"]
[Round "4"]
[White "Kolly,J"]
[Black "Sokolov,And1"]
[Result "0-1"]
[WhiteElo "2295"]
[BlackElo "2563"]

1.d4 Nf6 2.c4 e6 3.Nf3 Bb4+ 4.Bd2 Qe7 5.g3 Nc6 6.e3 O-O 7.Bg2 a5 8.O-O Bxd2
9.Nfxd2 d6 10.Nc3 e5 11.d5 Nb8 12.Qc2 Na6 13.Rae1 Bd7 14.f4 Nc5 15.Nb3 Nxb3
16.axb3 Rab8 17.h3 b5 18.Kh2 bxc4 19.bxc4 a4 20.Ra1 Rb3 21.Ra3 Rfb8 22.Rxb3 Rxb3
23.Qd2 Rb4 24.Qe2 h5 25.Na2 Rb8 26.Rf2 Rb3 27.Nc1 exf4 28.exf4 Qxe2 29.Rxe2 Rb4
30.Bf1 Rxc4 31.Re8+ Bxe8 32.Bxc4 Kf8 33.Ne2 Bd7 34.Nc3 Ke7 35.Bd3 Kf8 36.Ba6 Bf5
37.Bb5 Bc2 38.Kg2 Nxd5 39.Nxd5 Be4+ 40.Kf2 Bxd5 41.Bxa4 c5 42.g4 h4  0-1

[Event "IV Open"]
[Site "La Laguna ESP"]
[Date "2010.04.11"]
[Round "9"]
[White "Alvarado Diaz,A"]
[Black "Lasinskas,P"]
[Result "0-1"]
[WhiteElo "1935"]
[BlackElo "2167"]

1.d4 Nf6 2.c4 e6 3.Nf3 Bb4+ 4.Bd2 a5 5.g3 b6 6.Bg2 Bb7 7.O-O Bxd2 8.Qxd2 O-O
9.Nc3 Ne4 10.Nxe4 Bxe4 11.Qf4 f5 12.Rfd1 d6 13.Qe3 Qe7 14.Ne1 Bxg2 15.Nxg2 Nd7
16.Nf4 Rfe8 17.h4 Nf8 18.Qf3 Rab8 19.Rac1 Qf7 20.e3 Ng6 21.Nh3 h6 22.b3 Qd7
23.a3 Nh8 24.Qe2 Nf7 25.b4 axb4 26.axb4 Ra8 27.c5 bxc5 28.bxc5 d5 29.Rb1 e5
30.Qb5 c6 31.Qb7 Qe6 32.Rb6 Rac8 33.dxe5 Nxe5 34.Nf4 Qd7 35.Rc1 Rc7 36.Qa6 Nc4
37.Rxc4 Ra7 38.Ra4 Rxa6 39.Rbxa6 Rc8 40.Ra7 Rc7 41.Ra8+ Rc8 42.R8a7 Rc7 43.Ra8+ Kf7
44.h5 Qe7 45.Ng6 Qxc5 46.Rf8+ Qxf8 47.Nxf8 Kxf8 48.Rf4 Rf7 49.Kf1 Ke7 50.Ke2 Ke6
51.Kd3 Ra7 52.g4 Rf7 53.Ke2 Ke5 54.f3 Rf6 55.Ra4 fxg4 56.Rxg4 Rf7 57.Rg6 Rc7
58.Kd3 c5 59.f4+ Kf5 60.Rd6 d4 61.Rd5+ Kg4 62.exd4 cxd4 63.Rxd4 Re7 64.Re4 Rxe4
65.Kxe4 Kxh5 66.Kf5 g5 67.Ke4 g4 68.f5 Kg5 69.Ke5 g3 70.f6 g2 71.f7 g1=Q
72.f8=Q Qe3+ 73.Kd5 h5 74.Qd8+ Kg4 75.Qc8+ Kg3 76.Qg8+ Kf2 77.Qh7 Qg5+ 78.Kd4 Qf4+
79.Kd5 h4 80.Qc2+ Kg3 81.Qb1 Qf3+ 82.Ke5  0-1

[Event "TCh-ISR"]
[Site "Israel ISR"]
[Date "2010.04.16"]
[Round "5"]
[White "Komarov,Di"]
[Black "Porat,I"]
[Result "1/2-1/2"]
[WhiteElo "2523"]
[BlackElo "2441"]

1.d4 Nf6 2.Nf3 e6 3.c4 Bb4+ 4.Bd2 c5 5.g3 Qb6 6.Qb3 Nc6 7.dxc5 Bxc5 8.Qxb6 Bxb6
9.Nc3 d5 10.cxd5 exd5 11.Bg2 Ne4 12.O-O Nxc3 13.Bxc3 d4 14.Bd2 O-O 15.b4 a6
16.Rfc1 Re8 17.Kf1 Bf5 18.Ne1 Be4 19.f3 Bd5 20.Nd3 Ne5 21.Nxe5 Rxe5 22.Bf4  1/2-1/2

[Event "6th TCh-CHN"]
[Site "Ningbo CHN"]
[Date "2010.04.16"]
[Round "1"]
[White "Wang Xiaohui"]
[Black "Zhai Mo"]
[Result "1-0"]
[WhiteElo "2238"]
[BlackElo "2110"]

1.d4 Nf6 2.c4 e6 3.Nf3 Bb4+ 4.Bd2 c5 5.Bxb4 cxb4 6.Nbd2 d6 7.e3 O-O 8.Bd3 Nc6
9.O-O e5 10.d5 Ne7 11.Qb3 a5 12.a3 bxa3 13.Qxa3 Bg4 14.b4 b6 15.Ng5 h6 16.Nge4 Nxe4
17.Bxe4 f5 18.Bc2 Qc7 19.h3 Bh5 20.Ba4 f4 21.Bb5 Be2 22.Rfc1 f3 23.g3 Qc8
24.Kh2 Rf5 25.g4 Rg5 26.Rg1 Rg6 27.e4 Qf8 28.Qe3 Qf6 29.Rg3 Qh4 30.Bd7 h5
31.g5 Rf8 32.bxa5 bxa5 33.Rxa5 Kh7 34.Be6 Rb8 35.Bf5 Qf4 36.Qxf4 exf4 37.Rg1 Rb2
38.Ra7 Nxf5 39.exf5 Rxd2 40.fxg6+ Kxg6 41.Rc1 Rd4 42.h4 Kf5 43.Rxg7 Bxc4
44.Rf7+ Kg4 45.Rf6 Kxh4 46.g6 Bxd5 47.Rxd6 Rd2 48.Kg1 Kh3 49.g7 h4 50.g8=Q  1-0

[Event "6th TCh-CHN"]
[Site "Ningbo CHN"]
[Date "2010.04.16"]
[Round "1"]
[White "Wang Doudou"]
[Black "Ding Yixin"]
[Result "0-1"]
[WhiteElo "2225"]
[BlackElo "2315"]

1.d4 Nf6 2.c4 e6 3.Nf3 Bb4+ 4.Bd2 Bxd2+ 5.Qxd2 O-O 6.Nc3 b6 7.g3 Ba6 8.b3 d5
9.cxd5 Nxd5 10.Nxd5 exd5 11.e3 Bxf1 12.Kxf1 Nd7 13.Kg2 Nf6 14.Rac1 c5 15.Qd3 Qe7
16.dxc5 bxc5 17.Rc2 Rfc8 18.Rhc1 g6 19.h4 h5 20.Ng5 Rab8 21.Qa6 Rc7 22.Qd3 Rb6
23.Kg1 Qd6 24.Kg2 Rb4 25.Nh3 Nd7 26.Nf4 d4 27.exd4 Rxd4 28.Qb5 a6 29.Qe2 Ne5
30.Kh3 Re7 31.Qf1 Qd7+ 32.Kh2 Nf3+ 33.Kh1 Rxf4 34.gxf4 Qg4 35.Rc3 Qxh4+ 36.Kg2 Qg4+
37.Kh1 Re2 38.R3c2 Re4 39.Rc4 Qxf4 40.Rxe4 Qh2+  0-1

[Event "6th TCh-CHN"]
[Site "Ningbo CHN"]
[Date "2010.04.17"]
[Round "2"]
[White "Li Xueyi"]
[Black "Zhai Mo"]
[Result "0-1"]
[WhiteElo "1957"]
[BlackElo "2110"]

1.d4 Nf6 2.c4 e6 3.Nf3 Bb4+ 4.Bd2 c5 5.Nc3 O-O 6.e3 b6 7.Bd3 Bb7 8.Qc2 Bxf3
9.gxf3 d5 10.cxd5 exd5 11.O-O-O Nc6 12.Rhg1 Ba5 13.a3 Kh8 14.Qa4 Qd6 15.Rg3 c4
16.Bb1 a6 17.Rg5 b5 18.Qc2 g6 19.Na2 Bxd2+ 20.Qxd2 a5 21.e4 Qb8 22.e5 Nd7
23.Rdg1 c3 24.bxc3 b4 25.Bxg6 fxg6 26.Rxg6 Ndxe5 27.dxe5 Nxe5 28.R6g3 b3
29.Nb4 axb4 30.Qh6 Qc7 31.Kb1 Qf7 32.cxb4 Qf5+  0-1

[Event "Venka & Antonia Ivanova Mem"]
[Site "Sofia BUL"]
[Date "2010.04.23"]
[Round "4"]
[White "Vasilev,D"]
[Black "Ljangov,P"]
[Result "0-1"]
[WhiteElo "1847"]
[BlackElo "2110"]

1.d4 Nf6 2.c4 e6 3.Nf3 Bb4+ 4.Bd2 Qe7 5.a3 Bxd2+ 6.Nbxd2 d6 7.e4 e5 8.Bd3 O-O
9.O-O a5 10.b4 axb4 11.axb4 Rxa1 12.Qxa1 Nc6 13.Qc3 exd4 14.Nxd4 Bd7 15.f4 Nxd4
16.Qxd4 Ra8 17.e5 Ng4 18.h3 dxe5 19.fxe5 Qxe5 20.Qxe5 Nxe5 21.Be4 Bc6 22.Bxc6 Nxc6
23.b5 Ne5 24.Rf4 Rd8 25.Nb3 Rd1+ 26.Kh2 b6 27.Re4 f6 28.c5 Rb1 29.cxb6 cxb6
30.Re3 Kf7 31.Rg3 Rd1 32.Rc3 Rd5 33.Rc7+ Kg6 34.Rb7 Nd7 35.Nc1 Kf5 36.Ne2 Ke5
37.Nc3 Rd6 38.Na4 h5 39.Nb2 Rd4 40.Rc7 g5 41.Nc4+ Kd5 42.Ne3+ Ke4 43.Nc4 Kd3
44.Nb2+ Ke4 45.Nc4 Kd5 46.Ne3+ Ke4 47.Nc4 Kd3 48.Nb2+ Ke4 49.Nc4 Ne5 50.Nxb6 Rd2
51.Re7 Kf4 52.Kg1 Kg3 53.Kf1 Rf2+ 54.Ke1 Rb2 55.Nd5 Rxb5  0-1

[Event "31st ch-BAN w"]
[Site "Narayanganj BAN"]
[Date "2010.04.26"]
[Round "3"]
[White "Rokshana,T"]
[Black "Jahan,D"]
[Result "1-0"]
[WhiteElo "1495"]
[BlackElo "1972"]

1.d4 Nf6 2.c4 e6 3.Nf3 Bb4+ 4.Bd2 Bxd2+ 5.Qxd2 O-O 6.e3 d5 7.Nc3 Nbd7 8.Bd3 dxc4
9.Bxc4 c5 10.O-O cxd4 11.Nxd4 Ne5 12.Be2 Bd7 13.Rad1 Qc7 14.Rc1 Rad8 15.Nd5 Qb8
16.Nxf6+ gxf6 17.Qc2 Rc8 18.Qe4 Kh8 19.Qh4 Kg7 20.f4 Ng6 21.Qh5 f5 22.Rcd1 Bc6
23.Bf3 Bxf3 24.Rxf3 Rc5 25.Rh3 Rh8 26.Nxe6+ fxe6 27.Rd7+ Kf8 28.Qh6+ Ke8
29.Qg7 Rc1+ 30.Kf2 Rc2+ 31.Kf3 Rf8 32.Rxh7  1-0

[Event "ch-SRB w"]
[Site "Pancevo SRB"]
[Date "2010.04.29"]
[Round "10"]
[White "Djukic,Sa"]
[Black "Miladinovic,L"]
[Result "1-0"]
[WhiteElo "2214"]
[BlackElo "2038"]

1.d4 Nf6 2.c4 e6 3.Nf3 Bb4+ 4.Bd2 Qe7 5.g3 Nc6 6.Bg2 Bxd2+ 7.Nbxd2 d6 8.O-O a5
9.e4 e5 10.d5 Nb8 11.Ne1 O-O 12.Nd3 Na6 13.Qc2 Bd7 14.Rac1 c6 15.dxc6 bxc6
16.a3 Rfb8 17.c5 d5 18.Rfe1 dxe4 19.Nxe4 Nxe4 20.Rxe4 Bf5 21.Rxe5 Qxe5 22.Nxe5 Bxc2
23.Rxc2 Rd8 24.Bf3 Nb8 25.Nxc6 Nxc6 26.Bxc6 Rac8 27.Bf3 Rd3 28.Kg2 Rb3 29.c6 Rc7
30.Bg4 Kf8 31.Bd7 Ke7 32.Rd2 g6 33.Kf1 Rb6 34.Ke2 Rb3 35.Kd1 Rb5 36.Kc2 Ra7
37.f4 Rc7 38.Kc3 Rc5+ 39.Kd4 Kd6 40.Ke4+ Ke7 41.Rd4 Rc2 42.b4 axb4 43.axb4 Ra7
44.Kd5 Ra3 45.Re4+ Kd8 46.Re8+ Kc7 47.b5 Rd3+ 48.Ke4 Rxd7 49.cxd7 Kxd7 50.Rf8 Ke7
51.Ra8 Rb2 52.Ra7+ Ke6 53.Ra6+ Kd7 54.Ke5 Rxb5+ 55.Kf6 Rf5+ 56.Kg7 h5 57.Ra7+ Ke6
58.h4 g5 59.hxg5 h4 60.gxh4 Rxf4 61.h5 Rf5 62.Kh6 Rb5 63.g6 fxg6 64.hxg6 Rb1
65.Rf7 Rh1+ 66.Kg7 Rg1 67.Rf2 Rg3 68.Kh7 Rh3+ 69.Kg8 Rg3 70.g7 Ke7 71.Re2+ Kd7
72.Re4 Rh3 73.Kf7 Rf3+ 74.Kg6 Rg3+ 75.Kh6 Rh3+ 76.Kg5  1-0

[Event "ch-UKR"]
[Site "Alushta UKR"]
[Date "2010.05.03"]
[Round "1"]
[White "Roschupkin,V"]
[Black "Dolgopolov,Alexander"]
[Result "1/2-1/2"]
[WhiteElo "1961"]
[BlackElo "2283"]

1.d4 Nf6 2.c4 e6 3.Nf3 Bb4+ 4.Bd2 a5 5.g3 b6 6.Bg2 Bb7 7.O-O O-O 8.a3 Be7
9.Nc3 Ne4 10.Be1 Nxc3 11.Bxc3 d6 12.Qc2 f5 13.Ne1 Qc8 14.e4 c5 15.exf5 exf5
16.d5 f4 17.Qe4 Bg5 18.Nf3 Bh6 19.Qe7 Qd7 20.Rfe1 fxg3 21.fxg3 Bc8 22.Qxd7 Bxd7
23.Re7 Rf7 24.Rxf7 Kxf7 25.h4 Na6 26.Ng5+ Bxg5 27.hxg5 Re8 28.Rf1+ Kg8 29.Rf4 Re2
30.Kf1 Re7 31.Kf2 a4 32.Bf3 b5 33.cxb5 Bxb5 34.Bg4 Nc7 35.Bf3 Be8 36.Ba5 Nb5
37.Re4 Kf8 38.Rxa4 Nd4 39.Rc4 Rf7 40.Rc3 Rf5 41.g4 Rxg5 42.Bd8 Re5 43.Bc7 Nb5
44.Rxc5 Ke7 45.Rc4 Bf7 46.Bb6 Bxd5 47.Bxd5 Rxd5 48.a4 Rd2+ 49.Ke3 Rxb2 50.axb5 Rxb5  1/2-1/2

[Event "ch-CZE"]
[Site "Ostrava CZE"]
[Date "2010.05.06"]
[Round "6"]
[White "Adamek,J"]
[Black "Kulhanek,T"]
[Result "1/2-1/2"]
[WhiteElo "2254"]
[BlackElo "2428"]

1.Nf3 Nf6 2.c4 e6 3.d4 Bb4+ 4.Bd2 Qe7 5.g3 Nc6 6.Nc3 Bxc3 7.Bxc3 Ne4 8.Qc2 Nxc3
9.Qxc3 O-O 10.Bg2 d6 11.O-O e5 12.dxe5 dxe5 13.Rfd1 Bg4 14.Rd2 Rad8 15.Rad1 Rxd2
16.Rxd2 Rd8 17.h3 Bc8 18.Ne1 Nb8 19.c5 Na6 20.b4 h6 21.Nc2 c6 22.Ne3 Be6
23.a3 f6 24.Nc4 Nc7 25.Nd6 Rb8 26.Qc2 Ne8 27.Nxe8 Qxe8 28.Qa4 a6 29.Qc2 f5
30.e3 Qf7 31.Qd1 Qe7 32.Qa1 Bf7 33.Qd1 Be6  1/2-1/2

[Event "ch-CZE"]
[Site "Ostrava CZE"]
[Date "2010.05.06"]
[Round "6"]
[White "Voloshin,L"]
[Black "Babula,V"]
[Result "1/2-1/2"]
[WhiteElo "2452"]
[BlackElo "2536"]

1.d4 Nf6 2.Nf3 e6 3.c4 Bb4+ 4.Bd2 a5 5.g3 c5 6.Bg2 Nc6 7.dxc5 Bxc5 8.O-O O-O
9.Nc3 h6 10.e4 d6 11.Qe2 e5 12.h3 Be6 13.Rac1 Qb6 14.Nb5 a4 15.Rb1 Rfc8 16.b3 axb3
17.axb3 Nb4 18.Ne1 Bd7 19.Nc3 Bc6 20.Nd3 Nxd3 21.Qxd3 Ra3 22.Qc2 Rca8 23.Bc1 Ra1
24.Rxa1 Rxa1 25.Bb2 Rxf1+ 26.Kxf1 Bd4 27.Nd5 Bxd5 28.cxd5 Bxb2 29.Qxb2 Qc5
30.Kg1 g6 31.Bf3 Kg7 32.Kg2 Qb4 33.Qc2 Qd4 34.h4 h5 35.Qc4 Qxc4 36.bxc4 Kf8
37.Kf1 Ke7 38.Ke2 Kd7 39.Bg2 Kc7 40.f3 Kb6 41.Kd3 Nd7 42.Kc3 Nc5 43.Kb4 Nd3+
44.Kc3 Nc5 45.Kb4 Na6+ 46.Kc3 Nc5  1/2-1/2

[Event "Open ch-State"]
[Site "Stuttgart GER"]
[Date "2010.05.13"]
[Round "2"]
[White "Stiepan,H"]
[Black "Lobzhanidze,D"]
[Result "0-1"]
[WhiteElo "2135"]
[BlackElo "2517"]

1.d4 Nf6 2.Nf3 e6 3.c4 Bb4+ 4.Bd2 Qe7 5.g3 Nc6 6.Nc3 Bxc3 7.Bxc3 Ne4 8.Rc1 d6
9.Bg2 O-O 10.O-O Nxc3 11.Rxc3 e5 12.d5 Nb8 13.Ne1 a5 14.e4 Na6 15.Nc2 f5
16.exf5 Bxf5 17.Ne3 Bg6 18.a3 Nc5 19.b4 axb4 20.axb4 Ne4 21.Bxe4 Bxe4 22.f3 Bg6
23.c5 Bh5 24.cxd6 cxd6 25.g4 Bg6 26.Qc1 h6 27.Ng2 Rf7 28.Rc8+ Rxc8 29.Qxc8+ Kh7
30.Qc3 Qc7 31.Qd2 Qb6+ 32.Kh1 Qa6 33.Kg1 Qb6+ 34.Kh1 Qb5 35.Kg1 Be4 36.Nh4 Qxd5
37.Qxd5 Bxd5 38.Rd1 Bxf3 39.Nxf3 Rxf3 40.Rxd6 Rf6 41.Rd5 Re6 42.Kf2 Kg6 43.Kf3 Kf6
44.Ke4 Rc6 45.b5 Rc4+ 46.Kd3 Rxg4 47.Rd7 Rd4+ 48.Rxd4 exd4 49.Kxd4 Ke6 50.Kc5 Kd7
51.Kd5 Kc7 52.Ke6 Kb6 53.Kf7 Kxb5 54.Kxg7 h5  0-1